000 00271nam a22001217a 4500
008 180314b xxu||||| |||| 00| 0 eng d
041 _aeng
080 _a030
100 _a25
101 _aenc
245 _amodern platics encyclopedia
_cmarcus.e.h
942 _2udc
_cBK
999 _c44971
_d44971